000
00233nam a2200097Ia 4500
001
688739
005
20250826161621.0
008
250824s9999 xx 000 0 und d
245
0
_a
HZ.FATIMA
_c
SALİH SURUÇ
260
_b
TİMAŞ YAYINLARI
999
_c
688739
_d
688739